000 00327nam a22001337a 4500
008 170524b xxu||||| |||| 00| 0 eng d
020 _a9780471022954
041 _aeng
080 _22ND
_a621.3
100 _a26
101 _aIM
245 _aPRINCIPLES OF ELECTRIC MACHINES AND POWER ELECTRONICS
_cSEN, P.C
942 _2udc
_cBK
999 _c14070
_d14070